| 000 | 00776nam a22002177a 4500 | ||
|---|---|---|---|
| 999 |
_c20032 _d20032 |
||
| 003 | AR-CdUCM | ||
| 008 | 190524b ||||| |||| 00| 0 spa d | ||
| 040 |
_aMUNICIPALIDAD PROVINCIAL DEL CUSCO _cBIBLIOTECA MUNICIPAL DEL CUSCO |
||
| 082 |
_a599.73 / _bM46 |
||
| 100 |
_aMay, Neil D. S. _941903 |
||
| 245 |
_aAnatomia de ovino : _bManual de disección / |
||
| 260 |
_aMéxico : _bHemisferio, _c1974. |
||
| 300 |
_a561 páginas ; _bImágenes, _c23 cm. |
||
| 440 |
_aCentro regional de ayuda técnica _940809 |
||
| 505 | _aContenido : Miembro anterior -- Tórax -- Abdomen -- Miembro posterior -- Cavidad pelviana.. | ||
| 650 |
_aÓrganos de animales _941904 |
||
| 650 |
_aAntomia veterinaria _941905 |
||
| 650 |
_aDisecciones _941906 |
||
| 942 |
_2ddc _cLIBROS |
||
| 945 | _arcc | ||